Statistics for Sightseeing Trip through Europe with Map - Easy

Click here to take the quiz!

General Stats

  • This quiz has been taken 240 times
  • The average score is 21 of 24

Answer Stats

City % Correct
ColosseumRome
97%
Museo del PradoMadrid
95%
Brandenburg GateBerlin
95%
Casino de Monte-CarloMonaco
93%
Westminster AbbeyLondon
93%
Sacré-CœurParis
93%
Parc GüellBarcelona
91%
Rialto BridgeVenice
91%
AtomiumBrussels
89%
Schönbrunn CastleVienna
88%
Allianz ArenaMunich
88%
GrachtenAmsterdam
87%
Ha'penny BridgeDublin
87%
Mt. VesuviusNaples
87%
St. Michael's ChurchHamburg
86%
StormontBelfast
84%
Cockburn StreetEdinburgh
84%
Parliament BuildingBudapest
84%
Barbary macaquesGibraltar
81%
VijećnicaSarajevo
79%
Anglican CathedralLiverpool
78%
L'HemisfèricValencia
74%
La SeuPalma de Mallorca
63%
Cathedral of St. DomniusSplit
62%

Score Distribution

Percentile by Number Answered

Percent of People with Each Score

Your Score History

You have not taken this quiz